Fragen aus der Wissenschaft - Buchstabe H - Statistiken

Allgemein
  • Dieses Quiz wurde 153 mal gespielt
  • Das Durchschnittsergebnis liegt bei 10 aus 20
Antwortstatistiken

Hinweis

Antwort % Korrekt
Größtes Organ des Menschen, Körperhülle Haut
100%
Gattung des modernen Menschen Homo
92%
Zweithäufigstes chemische Element im Weltall Helium
88%
Längste Seite im rechtwinkligen Dreieck Hypotenuse
79%
Wissenschaftliche Annahme Hypothese
76%
Bildungseinrichtung, die Forschung betreibt Hochschule
72%
Botenstoff, z. B. Insulin, Testosteron, Adrenalin Hormon
68%
Namensträger eines Weltraumteleskops Edwin Hubble
64%
Roter, eisenhaltiger Blutfarbstoff für O2-Transport Hämoglobin
63%
Arzt der Antike aus Kos, ärztlicher Eid Hippokrates
46%
Deutscher Physiker, Unschärferelation Werner Heisenberg
45%
Deutscher Forschungsreisender, Südamerika Alexander von Humboldt
41%
Britischer theoretischer Physiker, Schwarze Löcher Stephen Hawking
31%
Lehre von Wappen und Flaggen Heraldik
28%
Nachweis der wissenschaftlichen Lehrbefähigung Habilitation
27%
Deutscher Physiker, Nachweis elektromagn. Wellen Heinrich Hertz
25%
Namensgeber eines 2012 entdeckten Elementarteilchens Peter Higgs
21%
Philosoph und Vertreter des deutschen Idealismus Georg Wilhelm Friedrich Hegel
19%
Das gegenwärtige geologische Zeitalter Holozän
14%
Schottischer Philosoph und Historiker im 18. Jhd. David Hume
10%
Keine übereinstimmenden Quizze gefunden
Verteilung der Resultate
Anzahl Personen mit jedem Resultat
Perzentil nach korrekt beantworteten Fragen
Ihre Resultats-Entwicklung
Sie haben dieses Quiz noch nicht gespielt